Tanrı, adalet, aşk, güzellik (Record no. 784)
[ view plain ]
| 000 -BAŞLIK | |
|---|---|
| Sabit Uzunlukta Kontrol Alanı | 00902na a2200277 4500 |
| 001 - KONTROL NUMARASI | |
| Denetim Alanı | 16218 |
| 003 - KONTROL NUMARASI IDENTIFIER | |
| Denetim Alanı | MIRAKIL |
| 005 - SON İŞLEM TARİHİ VE ZAMANI | |
| Denetim Alanı | 20181213154801.0 |
| 008 - SABİT-BOY VERİ ELEMANLARI - GENEL BİLGİLER | |
| Sabit Uzunlukta Kontrol Alanı | 160930b tu 000 0 |
| 020 ## - ULUSLARARASI STANDART KİTAP NUMARASI | |
| Uluslararası Standart Kitap Numarası | 9786058825659 |
| 040 ## - KATALOGLAMA KAYNAK | |
| Orijinal Kataloglama Ajansı | Milas |
| Kataloglama Dili | tur |
| Metne Dönüştürmek Ajansı | TR-AnCHP |
| 082 ## - DEWEY ONLU SINIFLANDIRMA NUMARASI | |
| Sınıflandırma Numarası | 104 |
| Ürün Numarası | N25t 2011 |
| 090 ## - SINIFLAMA NUMARASI | |
| Sınıflama Numarası | 104 N25t 2011 |
| 100 ## - ANA GİRİŞ - KİŞİSEL İSİM | |
| Kişisel Ad | Nancy, Jean-Luc |
| 245 ## - BAŞLIK TABLOSU | |
| Başlık | Tanrı, adalet, aşk, güzellik |
| Başlığın Kalan | dört büyük konferans |
| Sorumluluk Tablosu, Vb | Jean-Luc Nancy ; Fransızcadan çeviren Murat Erşen |
| 260 ## - YAYIN, DAĞITIM, VB | |
| Yayın, Dağıtım, Vb Yeri | İstanbul |
| Yayıncı, Dağıtıcı, Vs Adı | Monokl yayınları |
| Yayın, Dağıtım, Vb Tarihi | 2011 |
| 300 ## - FİZİKSEL TANIM | |
| Kapsam | 175 s. |
| Boyutlar | 19 sm. |
| 500 ## - GENEL NOT | |
| Genel Not | Yapıtın özgün adı : Dieu, la justice, l'amour, la beaué quatre petites conférences |
| 600 ## - KONU KATMA GİRİŞ - KURUMSAL ADI | |
| Kişisel Ad | Güzellik |
| Genel Alt Bölümü | Felsefe ve kuram |
| 600 ## - KONU KATMA GİRİŞ - KURUMSAL ADI | |
| Kişisel Ad | Aşk |
| Genel Alt Bölümü | Felsefe ve kuram |
| 600 ## - KONU KATMA GİRİŞ - KURUMSAL ADI | |
| Kişisel Ad | Adalet |
| Genel Alt Bölümü | Felsefe ve kuram |
| 600 ## - KONU KATMA GİRİŞ - KURUMSAL ADI | |
| Kişisel Ad | Tanrı |
| Genel Alt Bölümü | Felsefe ve kuram |
| 650 ## - KONU KATMA GİRİŞ - TOPİKAL DÖNEM | |
| Topikal Süreli Veya Coğrafi Ad Giriş Elemanı | Felsefe |
| Genel Alt Bölümü | Denemeler |
| 700 ## - KATMA GİRİŞ - KİŞİSEL İSİM | |
| Kişisel Ad | Erşen, Murat |
| 942 ## - EKLENDİ GİRİŞ ELEMANLARI (KOHA) | |
| Sınıflandırma Veya Raf Düzeni Kaynak | |
| Koha Öğesi Türü | Books |
| 999 ## - SİSTEM KONTROL NUMARALARI (KOHA) | |
| Koha Biblionumber | 784 |
| Koha Biblioitemnumber | 784 |
| Kalıcı Konum | Mevcut Konum | Edinme Tarihi | Edinim Kaynak | Toplam Check-Out'Lar | Tam Çağrı Numarası | Barkod | Tarih Son Görülme | İtibaren Geçerli Fiyatlar | Koha Öğesi Türü |
|---|---|---|---|---|---|---|---|---|---|
| CHP Kütüphanesi | CHP Kütüphanesi | 09/30/2016 | Bağış | 104 N25t 2011 | 004435 | 09/30/2016 | 09/30/2016 | Books |
